| 000 | 01345cam a2200373 i 4500 | ||
|---|---|---|---|
| 001 | 17530812 | ||
| 003 | . | ||
| 005 | 20260105112418.0 | ||
| 008 | 121115t20132013fluaf b 001 0 eng | ||
| 010 | _a 2012035815 | ||
| 020 |
_a9781439853948 _qhardback : alk. paper |
||
| 035 | _a17530812 | ||
| 040 |
_aDLC _beng _cDLC _erda _dDLC |
||
| 042 | _apcc | ||
| 050 | 0 | 0 |
_aT59.7 _b.L44 2013 |
| 082 | 0 | 0 | _a620.82 L523i 2013 |
| 100 | 1 | _aLehto, Mark R., | |
| 245 | 1 | 0 |
_aIntroduction to human factors and ergonomics for engineers: _c/ _bMark Lehto, Steven J. Landry. |
| 250 | _aSecond edition. | ||
| 260 | _bCRC Press, Taylor & Francis Group, Boca Raton, 2013 | ||
| 264 | 1 |
_aBoca Raton ; _bCRC Press, Taylor & Francis Group, _c[2013] |
|
| 264 | 4 | _c©2013 | |
| 300 |
_a 770 p _c27 cm. |
||
| 336 |
_atext _2rdacontent |
||
| 337 |
_aunmediated _2rdamedia |
||
| 338 |
_avolume _2rdacarrier |
||
| 490 | 0 | _aHuman factors and ergonomics | |
| 504 | _aIncludes bibliographical references (pages 723-754) and index. | ||
| 650 | 0 |
_aHuman engineering. _z Ergonomics | Ergonomie | Human engineering | ergonomics |
|
| 700 | 1 | _aLandry, Steven J. | |
| 906 |
_a7 _bcbc _corignew _d1 _eecip _f20 _gy-gencatlg |
||
| 942 |
_2ddc _cBK-EN _n0 |
||
| 999 |
_c7854 _d7854 |
||